000 00420cam a2200169ua 4500
020 _a0-8311-1126-7
041 _aeng
_h
082 _a670.423
_bMOL/MA
100 _aMoltrecht, K.M .
245 _aMachine shop practice, Vol I /
_cK.M.Moltrecht.
_hTextual Documents
250 _a2 /
_b.
260 _aNewyork :
_bIndustrial press ,
_c1979.
300 _a491 ; .
504 _a
942 _cBK
999 _c1596
_d1596